Difference between male and female rats in vasopressor response to arginine vasopressin

A study was carried out how the sexual difference influences the increase in blood pressure (BP) induced by arginine vasopressin (AVP), and how the binding characteristics of 3H-labelled AVP on membranes prepared from the vascular bed were affected. After the administration of various doses of AVP,...

Teljes leírás

Elmentve itt :
Bibliográfiai részletek
Szerzők: László F. A.
Varga Csaba
Papp András
Pávó I.
Fahrenholz F.
Dokumentumtípus: Cikk
Megjelent: 1993
Sorozat:ACTA PHYSIOLOGICA HUNGARICA 81 No. 2
Tárgyszavak:
mtmt:1240483
Online Access:http://publicatio.bibl.u-szeged.hu/27598
LEADER 01938nab a2200253 i 4500
001 publ27598
005 20230626094607.0
008 230626s1993 hu o 0|| Angol d
022 |a 0231-424X 
024 7 |a 1240483  |2 mtmt 
040 |a SZTE Publicatio Repozitórium  |b hun 
041 |a Angol 
100 1 |a László F. A. 
245 1 0 |a Difference between male and female rats in vasopressor response to arginine vasopressin  |h [elektronikus dokumentum] /  |c  László F. A. 
260 |c 1993 
300 |a 137-145 
490 0 |a ACTA PHYSIOLOGICA HUNGARICA  |v 81 No. 2 
520 3 |a A study was carried out how the sexual difference influences the increase in blood pressure (BP) induced by arginine vasopressin (AVP), and how the binding characteristics of 3H-labelled AVP on membranes prepared from the vascular bed were affected. After the administration of various doses of AVP, a significantly higher BP increase was observed in male rats than in females. The vasopressor effect of AVP was reduced in males following orchidectomy or administration of the antiandrogen cyproterone acetate. The vasopressin (VP) antagonist d(CH2)5Tyr(Me)AVP diminished the BP response to AVP in both sexes. The plasma AVP level was found to be much higher in males than in females, but it was decreased to the level of females after orchidectomy. The density of AVP-binding sites in the aorta membrane preparation was smaller in females, and in orchidectomized or cyproterone acetate-treated male rats than in the control males. The results demonstrate that testosterone upregulates the number of AVP-binding sites, leading to an increase in the pressor response to AVP in the rat vascular bed. 
650 4 |a Általános orvostudomány 
700 0 1 |a Varga Csaba  |e aut 
700 0 1 |a Papp András  |e aut 
700 0 1 |a Pávó I.  |e aut 
700 0 1 |a Fahrenholz F.  |e aut 
856 4 0 |u http://publicatio.bibl.u-szeged.hu/27598/1/LaszloF-VargaCs-PappA.pdf  |z Dokumentum-elérés